عرض عادي
عرض مارك
- Infrared spectroscopy.
مدخل مصطلح موضوعي
001 - رقم الضبط
- حقل الضبط: 11949
003 - معرف رقم الضبط
- حقل الضبط: OSt
005 - تاريخ ووقت أخر عملية
- حقل الضبط: 20120423223602.0
008 - عناصر بيانات ثابتة الطول
- حقل تحكم ثابت الطول: 120423|||a|||||| | ||| d
040 ## - مصدر الفهرسة
- هيئة الفهرسة الأصلية: OSt
- وكالة الكتابة: OSt
150 ## - مدخل-- مصطلح تاريخي
- عنصر مدخل المصطلح الموضوعي او الاسم الجغرافي: Infrared spectroscopy.
670 ## - بيانات المصدر موجوده
- الاستشهاد بالمصدر: Work cat.: (OSt)23504: Biomedical application of synchrotron infrared microspectroscopy /, c2011.
